| 000 | 01300cab a2200205 4500 | ||
|---|---|---|---|
| 001 | ##L135566 | ||
| 008 | 061108n2006 000 0 eng u | ||
| 035 | _a(Sirsi) u135566 | ||
| 041 | 0 | _aeng | |
| 245 | 0 | 0 | _aDennis Regan v Paul Properties Ltd (1), Peter Lahaise (2), John Griston (3) |
| 260 | _c2006 | ||
| 520 | _a[2006] EWCA Civ 1319, 26 October 2006. Appeal by R against a decision ([2006] EWHC 1941 (Ch), L134918) to award him damages rather than a mandatory injunction for infringement of his right to light by P. "Held": appeal allowed. The judge had wrongly directed himself on the relevance of the parties' conduct to the exercise of his discretion. P had acted on wrong advice that there would be no infringement of R's right to light, but that should not prejudice the position of R, who had acted on correct advice. Therefore R should be awarded a mandatory injunction. | ||
| 590 | _aIKA141106 | ||
| 650 | 2 | 4 | _aREGAN V PAUL PROPERTIES LTD AND OTHERS |
| 650 | 2 | 4 | _aSHELFER V CITY OF LONDON ELECTRIC LIGHTING CO LTD 1895 |
| 651 | 4 |
_aEngland and Wales _y1543- |
|
| 690 | _aPROPERTY-PROPERTY MANAGEMENT-EASEMENTS-RIGHTS TO LIGHT DETERMINATION | ||
| 856 | 4 | 0 |
_uhttps://www.bailii.org/ew/cases/EWCA/Civ/2006/1319.html _zView the judgment free of charge at www.bailii.org... |
| 942 | _n0 | ||
| 999 |
_c77940 _d77940 |
||